000 02054cam a22004694i 4500
003 PE-LiUPU
005 20250731173347.0
008 150706s1999 r 000 0 d
035 _a(Sirsi) a48029
040 _aPE-LiUPU
_bspa
_cPE-LiUPU
_erda
049 _aPRUA
082 0 4 _a251.21
_bG81
_221
100 1 _aGreidanus, Sidney,
_d1935- ,
_eautor.
245 1 0 _aPreaching Christ from the Old Testament :
_ba contemporary hermeneutical method /
_cSidney Greidanus.
264 1 _aGrand Rapids, Michigan :
_bWilliam B. Eardmans,
_c1999.
300 _a373 páginas ;
_c24 cm.
336 _atext
_2rdacontent
337 _aunmediated
_2rdamedia
338 _avolume
_2rdacarrier
504 _aIncluye bibliografía.
505 0 _aPreaching Christ and preaching the old Testament -- The necessity of preaching Christ from the old testament -- The history of preaching Christ from the Old Testament (I) -- The history of preaching Christ from the Old Testament (II) -- New Testament principles for preaching Christ from the Old Testament -- The Christocentric method -- The Way of Redemptive-Historical Progression -- Steps From Old Testament Text To Christocentric Sermon -- Practicing The Christocentric Method.
526 _aSEG42
526 _aSEG41
526 _aSEG40
526 _aSEG39
526 _aP94
526 _aP87
526 _aP86
526 _aP85
526 _aP77
526 _aP76
526 _aP35
541 _g800-253-7521;
600 1 _aJesucristo
630 _aBiblia.
_pA.T.
_xUso homiletico.
910 _agl
_bjv
_clch
_d20090610
942 _2ddc
_cBOOK
949 _a251.21 G81
_wDEWEY
_c1
_i60877
_lCCODEBUL1
_mBUL
_p29.00
_r0
_sY
_tLIBRO
_u2015-07-06
_xTEOLOGIA
_zUNKNOWN
_o.STAFF. Colección General
994 _aC0
_bPEPRU
596 _a1
999 _a251.21 G81
_wDEWEY
_c50236
_i60877
_f2021-11-10
_g5
_lCCODEBUL1
_mBUL
_p29.00
_r0
_sY
_tBOOK
_u2015-7-6
_xTEOLOGIA
_zUNKNOWN
_0COMPRA
_o.STAFF. Colección General
_d50236
980 _81
_gALBERTO SANCHEZ Responsable de Automatización